000
00294nam a2200121Ia 4500
008
190216s9999||||xx |||||||||||||| ||und||
100
_a
"Hingorani N L,Ramanathan,&Amp;Grewal Ts"
245
0
_a
Management Accounting
260
_b
Null
_c
1982
300
_a
555p
650
_a
Commerce
942
_c
BK
999
_c
5046
_d
5046